| 000 | 00519nam a22001937a 4500 | ||
|---|---|---|---|
| 003 | koha_MIRAKIL | ||
| 005 | 20231213100156.0 | ||
| 008 | 231213b |||||||| |||| 00| 0 ||| d | ||
| 020 | _b978-6-05-979933-1 | ||
| 040 |
_aTR-IsEVY _btur _cTR-IsEVY |
||
| 082 | _a553.7 STR/S | ||
| 100 | _aStrauss, Rochelle. | ||
| 245 | 0 |
_aSuyun hikayesi _byeryüzündeki su kaynakları |
|
| 260 |
_bKırmızı Kedi Yayınevi, _c2015 |
||
| 300 | _a34 s. | ||
| 650 | _aBilim -- Su. | ||
| 650 | _aScience -- Water. | ||
| 942 |
_2ddc _cBK |
||
| 999 |
_c15726 _d15726 |
||